00342nam a2200133Ia 4500003000900000008004100009040001300050040001300063100002100076245007400097260002300171300000800194490000600202IT-RoPAU120407s9999 xx 000 0 und d aIT-RoPAU cIT-RoPAU aAngelo Montonati aDue cuori una voce. Il beato Filippo Smaldone, apostolo dei sordomuti aSan Paolo Edizioni c cm v1